Library Banner

Fifteen Governors i serve with (Record no. 75859)

MARC details
000 -LEADER
fixed length control field 00397nam a22001457a 4500
005 - DATE AND TIME OF LATEST TRANSACTION
control field 20150916113231.0
008 - FIXED-LENGTH DATA ELEMENTS--GENERAL INFORMATION
fixed length control field 150916b xxu||||| |||| 00| 0 eng d
040 ## - CATALOGING SOURCE
Transcribing agency PK-LaUMT
082 ## - DEWEY DECIMAL CLASSIFICATION NUMBER
Classification number KHC 954.92
Item number JIL-F
100 ## - MAIN ENTRY--PERSONAL NAME
Personal name Jilani, S.G
245 ## - TITLE STATEMENT
Title Fifteen Governors i serve with
Remainder of title untold stroy of east pakistan
Statement of responsibility, etc S.G. Jilani
260 ## - PUBLICATION, DISTRIBUTION, ETC. (IMPRINT)
Place of publication, distribution, etc Lahore
Name of publisher, distributor, etc Book mark
Date of publication, distribution, etc 1979
300 ## - PHYSICAL DESCRIPTION
Extent 235 p.
942 ## - ADDED ENTRY ELEMENTS (KOHA)
Koha item type Books
Holdings
Withdrawn status Lost status Damaged status Home library Current library Date acquired Full call number Barcode Date last seen Price effective from Koha item type
      UMT Main Campus UMT Main Campus 2015-09-16 KHC 954.92 JIL-F 71363 2015-09-16 2015-09-16 Books